Water and waste water technology (Record no. 19947)

MARC details
000 -LEADER
fixed length control field 00485nam a2200181Ia 4500
008 - FIXED-LENGTH DATA ELEMENTS--GENERAL INFORMATION
fixed length control field 230917s9999||||xx |||||||||||||| ||und||
020 ## - ISBN
Price RS539
040 ## - CATALOGING SOURCE
-- 236147
Original cataloging agency VIVEKANANDA LIBRARY
041 ## - Language
-- English
082 ## - DDC NUMBER
Classification number 546.22 H183W(7)
100 ## - MAIN ENTRY--PERSONAL NAME
Personal name Hammer, Mark J, Sr.
245 #0 - TITLE STATEMENT
Title Water and waste water technology
250 ## - EDITION STATEMENT
Edition statement 7th ed.
260 ## - PUBLICATION, DISTRIBUTION, ETC. (IMPRINT)
Place of publication, distribution, etc Noida
Name of publisher, distributor, etc Pearson India
Date of publication, distribution, etc 2015
300 ## - PHYSICAL DESCRIPTION
Pages 462 p.
500 ## - GENERAL NOTE
General note 2474 30/11/2016 PBA16/1066 09/12/2016 Environment DIST FIST
942 ## - ADDED ENTRY ELEMENTS (KOHA)
Koha item type Books
Holdings
Withdrawn status Lost status Damaged status Not for loan Location (home branch) Sublocation or collection (holding branch) Date acquired Koha issues (times borrowed) Koha full call number Accession No. Koha date last seen Koha item type
        VIVEKANANDA LIBRARY VIVEKANANDA LIBRARY 04/01/2017   546.22 H183W(7) 359405 17/09/2023 Books
© Designed and Maintained by Vivekananda Library, MDU Rohtak